[Event "SC SSV Taufers-SC SSV Bruneck"]
[Site "?"]
[Date "2012.11.17"]
[Round "3.5"]
[White "Peintner, Markus"]
[Black "Ratschiller, Manuel"]
[Result "1/2-1/2"]
[WhiteElo "1481"]
[BlackElo "1495"]
[PlyCount "65"]
[EventDate "2012.??.??"]

1. c4 Nf6 2. Nc3 g6 3. d4 d5 4. Bg5 Ne4 5. Nf3 Nxg5 6. Nxg5 c6 7. cxd5 cxd5 8.
Nf3 Bg7 9. e3 O-O 10. Bd3 Nc6 11. a3 e5 12. dxe5 Bxe5 13. Nxe5 Nxe5 14. O-O d4
15. exd4 Qxd4 16. Be2 Qh4 17. Qa4 Qxa4 18. Nxa4 b6 19. Rac1 Bd7 20. Nc3 Rac8
21. Nd5 Kg7 22. Ba6 Rc6 23. Nc3 Bc8 24. Be2 Rc7 25. Nb5 Rxc1 26. Rxc1 Ba6 27.
Rc7 Rd8 28. f4 Bxb5 29. Bxb5 Rd1+ 30. Kf2 Nd3+ 31. Bxd3 Rxd3 32. Rc2 Rd7 33.
Ke3 1/2-1/2

[Event "SK Ehrenburg - SK Naturns"]
[Site "?"]
[Date "2012.11.17"]
[Round "3.1"]
[White "Mukic, Josko"]
[Black "Jedinger, Andreas"]
[Result "1-0"]
[WhiteElo "2268"]
[BlackElo "2136"]
[PlyCount "81"]
[EventDate "2012.??.??"]

1. e4 e5 2. Nf3 Nc6 3. d4 exd4 4. Bc4 Nf6 5. e5 d5 6. Bb5 Ne4 7. Nxd4 Bd7 8.
Bxc6 bxc6 9. O-O Bc5 10. Be3 Bb6 11. f3 Ng5 12. f4 Ne4 13. Nc3 Nxc3 14. bxc3
Qe7 15. Qd2 O-O 16. a4 Bxd4 17. Bxd4 Bf5 18. Qf2 Rfb8 19. Bxa7 Rb2 20. Bc5 Qe6
21. Rfc1 Qg6 22. a5 Bd3 23. Qd2 Bc4 24. Rab1 Rb5 25. Rxb5 Bxb5 26. Ra1 Qe4 27.
Qf2 h5 28. Bd4 Qf5 29. h3 Ba6 30. Bc5 Bb5 31. Bb4 Kh7 32. Kh2 g5 33. g3 gxf4
34. gxf4 c5 35. Bxc5 Bd7 36. Qh4 Rg8 37. a6 Qxc2+ 38. Bf2 Qxc3 39. Qxh5+ Kg7
40. Rg1+ Kf8 41. Qh6+ 1-0

[Event "SK Ehrenburg - SK Naturns"]
[Site "?"]
[Date "2012.11.17"]
[Round "3.2"]
[White "Flatscher, Tobias"]
[Black "Fox, Jonas"]
[Result "1/2-1/2"]
[WhiteElo "1704"]
[BlackElo "1783"]
[PlyCount "23"]
[EventDate "2012.??.??"]

1. e4 e6 2. d4 d5 3. exd5 exd5 4. Bd3 Bd6 5. c3 Ne7 6. Qf3 O-O 7. Ne2 Nd7 8.
Bg5 Nb6 9. Nd2 Be6 10. Qh5 f5 11. O-O-O Qd7 12. Bxe7 1/2-1/2

[Event "SK Ehrenburg - SK Naturns"]
[Site "?"]
[Date "2012.11.17"]
[Round "3.3"]
[White "Unterthurner, Hans"]
[Black "Gruber, Alexander"]
[Result "1/2-1/2"]
[WhiteElo "2029"]
[BlackElo "1796"]
[PlyCount "51"]
[EventDate "2012.??.??"]

1. e4 c5 2. c3 e6 3. d4 cxd4 4. cxd4 d5 5. e5 Nc6 6. Nf3 Nge7 7. Bd3 Qb6 8. O-O
Nf5 9. Bxf5 exf5 10. Nc3 Be6 11. Qa4 a6 12. Rd1 Be7 13. b3 O-O 14. Ba3 Nb4 15.
Ne2 Rfd8 16. Bxb4 Qxb4 17. Qxb4 Bxb4 18. a3 Be7 19. b4 a5 20. bxa5 Rxa5 21.
Rdb1 b5 22. Nc3 Rb8 23. Nd2 Bxa3 24. Nxb5 Rbxb5 25. Rxb5 Rxb5 26. Rxa3 1/2-1/2

[Event "SK Ehrenburg - SK Naturns"]
[Site "?"]
[Date "2012.11.17"]
[Round "3.4"]
[White "Messner, Alex"]
[Black "Pichler, Christoph"]
[Result "1/2-1/2"]
[WhiteElo "1618"]
[BlackElo "1843"]
[PlyCount "132"]
[EventDate "2012.??.??"]

1. c4 e5 2. g3 g6 3. Bg2 Bg7 4. Nc3 Ne7 5. e3 Nbc6 6. Nge2 d6 7. O-O Be6 8. Nd5
Rb8 9. Nec3 a6 10. f4 O-O 11. d3 Qd7 12. fxe5 Nxe5 13. Nf6+ Bxf6 14. Rxf6 Bf5
15. e4 Ng4 16. Rxf5 gxf5 17. h3 Nf6 18. Bg5 Ne8 19. Bh6 Ng7 20. exf5 Qxf5 21.
Qe2 Rfe8 22. Ne4 Qe6 23. Bg5 Kh8 24. Qf3 f5 25. Nf6 Rf8 26. Nh5 Ng6 27. Rf1 Ne5
28. Qe2 Nxh5 29. Qxh5 Nxd3 30. Bd5 Qg6 31. Qh4 c6 32. Bf3 Rbc8 33. Bh5 Qe6 34.
g4 Rc7 35. gxf5 Rxf5 36. Bf6+ Rxf6 37. Rxf6 Qe3+ 38. Kh2 Qe5+ 39. Kh1 Qe1+ 40.
Qxe1 Nxe1 41. Rxd6 Nc2 42. Bg4 Ne3 43. Be6 Re7 44. b3 Nc2 45. Kg1 Nb4 46. a4 b5
47. Kf1 Kg7 48. Rd7 Rxd7 49. Bxd7 bxc4 50. bxc4 a5 51. Ke2 Kf6 52. Ke3 Ke5 53.
Be8 Kd6 54. Ke4 Na6 55. Kd4 Nc5 56. Bh5 Nxa4 57. Bd1 Nc5 58. Bc2 h6 59. Bd1
Ne6+ 60. Kc3 Nf4 61. Bg4 h5 62. Bf3 Nxh3 63. Bxh5 Nf4 64. Bf3 Kc5 65. Kb3 Nd3
66. Ka4 Kb6 1/2-1/2

[Event "SK Ehrenburg - SK Naturns"]
[Site "?"]
[Date "2012.11.17"]
[Round "3.5"]
[White "Naegele, Norbert"]
[Black "Mairhofer, Lino"]
[Result "1-0"]
[WhiteElo "1786"]
[BlackElo "1743"]
[PlyCount "62"]
[EventDate "2012.??.??"]

1. e4 c5 2. Nf3 d6 3. d4 cxd4 4. Nxd4 Nf6 5. Nc3 g6 6. Be3 Bg7 7. Be2 Nc6 8.
Qd2 Bd7 9. O-O-O Ng4 10. Bxg4 Bxg4 11. f3 Bd7 12. Kb1 Ne5 13. Bh6 Nc4 14. Qc1
Bf6 15. Nd5 Bxd4 16. Rxd4 Nb6 17. Bg7 Rg8 18. Qh6 Be6 19. Qxh7 Kd7 20. Rhd1
Nxd5 21. exd5 Bf5 22. g4 Bxc2+ 23. Kxc2 Rc8+ 24. Kb1 Qc7 25. R4d2 Qb6 26. Bd4
Qb5 27. Qxf7 Rgf8 28. Qe6+ Kd8 29. Re1 Rc7 30. Qe4 g5 31. Rc2 Rd7 1-0

[Event "SK Ehrenburg - SK Naturns"]
[Site "?"]
[Date "2012.11.17"]
[Round "3.6"]
[White "Babinetz, Rainer"]
[Black "Gurschler, Gregor"]
[Result "1-0"]
[WhiteElo "1897"]
[BlackElo "1743"]
[PlyCount "105"]
[EventDate "2012.??.??"]

1. d4 g6 2. c4 Bg7 3. Nc3 d6 4. e4 Nd7 5. f4 e5 6. Nf3 exd4 7. Nxd4 Ngf6 8. Be3
Qe7 9. Bd3 Nc5 10. O-O Ng4 11. Qd2 Nxe3 12. Qxe3 Nxd3 13. Qxd3 O-O 14. Nd5 Qd8
15. Rad1 c6 16. Ne3 Qb6 17. b3 f5 18. Kh1 Re8 19. Ndc2 fxe4 20. Qxd6 Be6 21.
Qb4 Qxb4 22. Nxb4 Rad8 23. Rxd8 Rxd8 24. Rd1 Rxd1+ 25. Nxd1 a5 26. Nc2 b5 27.
cxb5 cxb5 28. Nf2 Bd5 29. Kg1 Kf7 30. Kf1 a4 31. bxa4 bxa4 32. Ke2 Bxa2 33.
Nxe4 Bb3 34. Kd3 Bb2 35. Nc5 Bxc2+ 36. Kxc2 a3 37. Kb3 Kf6 38. g4 Bc1 39. Nd3
Bb2 40. Nxb2 axb2 41. Kxb2 h5 42. h3 hxg4 43. hxg4 Ke6 44. Kc3 Kd7 45. Kc4 Kc6
46. Kd4 Kd6 47. Ke4 Ke6 48. g5 Kf7 49. Kd5 Ke7 50. Ke5 Kf7 51. Kd6 Kf8 52. Ke6
Kg7 53. Ke7 1-0

[Event "SK Klausen-SC Naturns Jambo II"]
[Site "?"]
[Date "2012.11.17"]
[Round "3.2"]
[White "Seebacher, Reinhard"]
[Black "Kaserer, Hanspeter"]
[Result "1/2-1/2"]
[WhiteElo "1880"]
[BlackElo "1725"]
[PlyCount "57"]
[EventDate "2012.??.??"]

1. c4 e5 2. Nc3 Nf6 3. g3 d5 4. cxd5 Nxd5 5. Bg2 Nb6 6. Nf3 Nc6 7. d3 Be7 8.
O-O O-O 9. a3 Re8 10. b4 Bf6 11. Ne4 Nd4 12. Nxf6+ Qxf6 13. Bd2 c6 14. Ng5 Bf5
15. Ne4 Bxe4 16. Bxe4 Qe6 17. Bc3 Nb5 18. Bb2 Rad8 19. Qc2 Nd4 20. Bxd4 Rxd4
21. e3 Rd6 22. Qc5 Red8 23. f4 exf4 24. Rxf4 Nd5 25. Rf3 b6 26. Qc2 g6 27. Raf1
R6d7 28. Bxd5 Qxd5 29. d4 1/2-1/2

[Event "SK Klausen-SC Naturns Jambo II"]
[Site "?"]
[Date "2012.11.17"]
[Round "3.3"]
[White "Naegele, Raimund"]
[Black "Schrott, Johann"]
[Result "0-1"]
[WhiteElo "1653"]
[BlackElo "1787"]
[PlyCount "29"]
[EventDate "2012.??.??"]

1. d4 Nf6 2. Nf3 e6 3. e3 d5 4. Bd3 c5 5. c3 Nc6 6. O-O c4 7. Bc2 Bd6 8. Nbd2
O-O 9. e4 Bf4 10. e5 Ne8 11. Re1 b5 12. Nf1 Bxc1 13. Qxc1 f6 14. exf6 Qxf6 15.
Qg5 0-1

[Event "SK Klausen-SC Naturns Jambo II"]
[Site "?"]
[Date "2012.11.17"]
[Round "3.4"]
[White "Schrott, Ernst"]
[Black "Gurschler, Markus"]
[Result "1-0"]
[WhiteElo "1814"]
[BlackElo "1567"]
[PlyCount "86"]
[EventDate "2012.??.??"]

1. e4 g6 2. f4 Bg7 3. Nf3 d6 4. Bc4 Bg4 5. Bxf7+ Kxf7 6. Ng5+ Ke8 7. Qxg4 Nf6
8. Qe6 Rf8 9. Nc3 h6 10. Nf3 Qd7 11. Qxd7+ Kxd7 12. d3 Nh7 13. Nh4 g5 14. Ng6
Bxc3+ 15. bxc3 Rg8 16. f5 Nf8 17. Nxf8+ Rxf8 18. h4 Rg8 19. hxg5 hxg5 20. Rh5
g4 21. Kf2 Nc6 22. Bf4 b5 23. Rb1 Rab8 24. a3 a5 25. Ke3 b4 26. axb4 axb4 27.
cxb4 Nxb4 28. Kd2 c5 29. Rh7 Rbf8 30. c3 Nc6 31. Ke3 Nd8 32. Rb8 Kc7 33. Ra8
Kb7 34. Ra2 Rf7 35. Rxf7 Nxf7 36. Kf2 Re8 37. Kg3 Rg8 38. Ra1 Kc6 39. Rh1 Rg7
40. Rh4 Ne5 41. Bxe5 dxe5 42. Rxg4 Rf7 43. Rg6+ Rf6 1-0

[Event "SK Klausen-SC Naturns Jambo II"]
[Site "?"]
[Date "2012.11.17"]
[Round "3.5"]
[White "Christanell, Anton"]
[Black "Sigmund, Ingenuin"]
[Result "0-1"]
[WhiteElo "1581"]
[BlackElo "1728"]
[PlyCount "70"]
[EventDate "2012.??.??"]

1. d4 e6 2. Nf3 Nf6 3. e3 b6 4. Bd3 Bb7 5. Nbd2 d6 6. b3 Nbd7 7. Bb2 Be7 8. O-O
O-O 9. c4 Re8 10. Qc2 Nf8 11. Rad1 c5 12. dxc5 bxc5 13. Ne4 Nxe4 14. Bxe4 Qc7
15. Rd2 f5 16. Bxb7 Qxb7 17. Rfd1 Red8 18. Ne1 Ng6 19. f4 Kf7 20. Rd3 Qc6 21.
Qd2 Rd7 22. Nf3 h6 23. Ne5+ Nxe5 24. Bxe5 Rad8 25. Bb2 g5 26. Qc3 Rg8 27. R1d2
Rg6 28. Qc2 Qe4 29. Re2 gxf4 30. exf4 Qxf4 31. Rf3 Qxf3 32. Rf2 Qg4 33. Qd3 Bf6
34. Bxf6 Kxf6 35. Qe3 Rdg7 0-1

[Event "SK Klausen-SC Naturns Jambo II"]
[Site "?"]
[Date "2012.11.17"]
[Round "3.6"]
[White "Seebacher, Michael"]
[Black "Gerstgrasser, Zeno"]
[Result "1-0"]
[WhiteElo "1403"]
[BlackElo "1217"]
[PlyCount "78"]
[EventDate "2012.??.??"]

1. e4 c5 2. Nf3 Nc6 3. d4 cxd4 4. Nxd4 d6 5. Nc3 Nf6 6. h3 a6 7. Be3 e6 8. Nf3
h6 9. Be2 Be7 10. O-O O-O 11. a4 e5 12. Qd2 Kh7 13. Bc4 Kh8 14. Rad1 Nh7 15.
Nd5 Bg5 16. Nxg5 Nxg5 17. Bxg5 Qxg5 18. Qxg5 hxg5 19. Nb6 Rb8 20. Rxd6 f5 21.
Nxc8 Rbxc8 22. exf5 Rxf5 23. Be6 Rf6 24. Bxc8 Rxd6 25. Bxb7 Nd4 26. Be4 Rb6 27.
b3 a5 28. Rd1 Kg8 29. Kf1 Kf7 30. Ke1 Rd6 31. c3 Ke7 32. cxd4 Rxd4 33. Rxd4
exd4 34. Kd2 Kd6 35. Kd3 Ke5 36. f3 Kf4 37. Kxd4 Kg3 38. b4 Kxg2 39. b5 Kf2 1-0

[Event "SK Ridnaun-Wipptal Schach"]
[Site "?"]
[Date "2012.11.17"]
[Round "3.1"]
[White "De Bettin, Sergio"]
[Black "Aigner, Helmut"]
[Result "0-1"]
[WhiteElo "1713"]
[BlackElo "1819"]
[PlyCount "68"]
[EventDate "2012.??.??"]

1. e4 e5 2. Nf3 Nc6 3. Bc4 Nf6 4. Ng5 d5 5. exd5 Nd4 6. c3 b5 7. cxd4 bxc4 8.
Qa4+ Qd7 9. Qxc4 exd4 10. Qc6 Qxc6 11. dxc6 Ba6 12. b3 h6 13. Nf3 O-O-O 14. Ba3
Bxa3 15. Nxa3 Rhe8+ 16. Kd1 Ne4 17. Kc2 Re6 18. Rhe1 Rxc6+ 19. Kb2 Nxf2 20. Ne5
Rc5 21. Nxf7 Nd3+ 22. Kb1 Nxe1 23. Nxd8 Kxd8 24. b4 Rh5 25. Kb2 Nxg2 26. Rg1
Rxh2 27. b5 Bb7 28. Nc2 Rh4 29. a3 g5 30. Kb3 Bd5+ 31. Kb2 d3 32. Nb4 Nf4 33.
Re1 g4 34. Kc3 g3 0-1

[Event "SK Ridnaun-Wipptal Schach"]
[Site "?"]
[Date "2012.11.17"]
[Round "3.2"]
[White "Helfer, August"]
[Black "Sparber, Werner"]
[Result "0-1"]
[WhiteElo "1652"]
[BlackElo "1642"]
[PlyCount "59"]
[EventDate "2012.??.??"]

1. d4 d5 2. Nf3 Nf6 3. c4 c6 4. cxd5 cxd5 5. Nc3 Nc6 6. a3 e6 7. Bg5 h6 8. Bh4
Be7 9. b4 a6 10. e3 O-O 11. Be2 b5 12. O-O Nd7 13. Bg3 Nb6 14. Qb3 Nc4 15. Rfd1
Bd6 16. Nd2 Bb7 17. Nxc4 dxc4 18. Qc2 Bxg3 19. hxg3 Ne7 20. Bf3 Nd5 21. Bxd5
exd5 22. a4 Bc6 23. axb5 axb5 24. Qb2 Qe7 25. Rxa8 Rxa8 26. Ra1 Rxa1+ 27. Qxa1
Qxb4 28. g4 Qb3 29. f3 b4 30. Ne2 0-1

[Event "SK Ridnaun-Wipptal Schach"]
[Site "?"]
[Date "2012.11.17"]
[Round "3.3"]
[White "Giorgione, Roberto"]
[Black "Obermueller, Johann"]
[Result "0-1"]
[WhiteElo "1444"]
[BlackElo "1536"]
[PlyCount "98"]
[EventDate "2012.??.??"]

1. e4 e5 2. Nf3 Nc6 3. c3 d6 4. Be2 Nf6 5. d3 Be7 6. Qc2 O-O 7. O-O Ne8 8. Nbd2
f5 9. a3 fxe4 10. dxe4 Kh8 11. b4 Bg4 12. Bb2 Bg5 13. Rad1 Bf4 14. b5 Ne7 15.
Nc4 Ng6 16. Bc1 Qe7 17. Ne3 Be6 18. Bc4 Bxe3 19. Bxe6 Bxc1 20. Qxc1 Qxe6 21.
Qc2 Nf4 22. Ne1 Qc4 23. Rd2 Nf6 24. f3 Qxb5 25. Nd3 Nxd3 26. Rxd3 Qc5+ 27. Kh1
Qxa3 28. f4 Qc5 29. f5 Nxe4 30. Rdf3 Qd5 31. Rd1 Qc6 32. Rdf1 a5 33. Re1 Nf6
34. Rg3 b5 35. Qc1 Nh5 36. Rg5 Nf4 37. Qe3 h6 38. Rg4 Rxf5 39. Qg3 Nh5 40. Qh4
Raf8 41. h3 Qxc3 42. Ree4 d5 43. Rxg7 Kxg7 44. Rg4+ Kh7 45. Qe7+ R8f7 46. Qe6
R5f6 47. Qxd5 Qe1+ 48. Kh2 Rf1 49. Qd3+ e4 0-1

[Event "SK Ridnaun-Wipptal Schach"]
[Site "?"]
[Date "2012.11.17"]
[Round "3.4"]
[White "Helfer, Sieghard"]
[Black "Saxl, Pietro"]
[Result "1-0"]
[WhiteElo "1532"]
[BlackElo "1335"]
[PlyCount "95"]
[EventDate "2012.??.??"]

1. d4 d5 2. c4 Nf6 3. Nc3 a6 4. e3 Bf5 5. Bd3 Bg6 6. Bxg6 hxg6 7. Qb3 b6 8.
cxd5 Qd6 9. Nf3 Nbd7 10. e4 e5 11. dxe6 Qxe6 12. Qxe6+ fxe6 13. O-O Bb4 14. e5
Ng4 15. h3 Nh6 16. Ne4 Be7 17. Neg5 Bxg5 18. Bxg5 Nf7 19. Rac1 Rc8 20. Rc6 Nf8
21. Rfc1 Kd7 22. Bd2 Nd8 23. R6c2 c6 24. Bb4 Nh7 25. Nh4 g5 26. Ng6 Rg8 27. f4
a5 28. Bd2 Nf7 29. Rf1 Nf8 30. Nxf8+ Rgxf8 31. fxg5 g6 32. h4 Ke7 33. b4 a4 34.
Rf6 Nh8 35. Be3 Rxf6 36. gxf6+ Kd7 37. Rf2 Nf7 38. Rf3 b5 39. Rg3 Rg8 40. h5 g5
41. Bxg5 Rxg5 42. Rxg5 Nxg5 43. Kh2 Ke8 44. Kg3 Kf7 45. Kf4 Nh7 46. g4 Nf8 47.
g5 Kg8 48. g6 1-0

[Event "SK Ridnaun-Wipptal Schach"]
[Site "?"]
[Date "2012.11.17"]
[Round "3.5"]
[White "Saxl, Alexander"]
[Black "Gasteiger, Josef"]
[Result "0-1"]
[WhiteElo "1381"]
[BlackElo "1370"]
[PlyCount "100"]
[EventDate "2012.??.??"]

1. e4 c5 2. Nf3 Nc6 3. d4 cxd4 4. Nxd4 e5 5. Nxc6 bxc6 6. Be2 Nf6 7. Nc3 Bb4 8.
Bd2 Bxc3 9. Bxc3 Nxe4 10. Bxe5 Qa5+ 11. Bc3 Nxc3 12. bxc3 Qxc3+ 13. Kf1 O-O 14.
Rb1 d5 15. Rb3 Qc5 16. g3 Bh3+ 17. Kg1 Rfe8 18. Bf3 Qa5 19. Re3 Qxa2 20. Bg2
Bf5 21. c3 Rab8 22. Rxe8+ Rxe8 23. h4 Qb2 24. Qd4 Qb6 25. Kh2 Qxd4 26. cxd4 Re2
27. Rf1 Kf8 28. Kg1 Rd2 29. Rc1 Bd7 30. Ra1 Rxd4 31. Rxa7 Be8 32. Bh3 Re4 33.
Ra8 Ke7 34. f3 Re3 35. Kf2 Re5 36. Ra7+ Kd6 37. f4 Re7 38. Ra4 h5 39. Bg2 g6
40. Bh3 f5 41. Ra6 Re6 42. Bf1 Kc5 43. Bd3 d4 44. Bb1 Kb5 45. Ra3 c5 46. Rb3+
Kc6 47. Ba2 Re7 48. Bb1 c4 49. Rb8 Bf7 50. Bc2 d3 0-1

[Event "SK Steinegg/Raiffeisen-SK Deutschnofen"]
[Site "?"]
[Date "2012.11.17"]
[Round "3.1"]
[White "Thurner, Markus"]
[Black "Engl, Stefan"]
[Result "1-0"]
[WhiteElo "1847"]
[BlackElo "1828"]
[PlyCount "75"]
[EventDate "2012.??.??"]

1. e4 d5 2. exd5 Qxd5 3. Nc3 Qd6 4. Nf3 Nf6 5. Bc4 c6 6. d4 Bg4 7. Be3 e6 8. h3
Bh5 9. g4 Bg6 10. Ne5 Nbd7 11. Bf4 Nxe5 12. Bxe5 Qb4 13. Bb3 O-O-O 14. a3 Qa5
15. O-O Be7 16. Bc4 Rd7 17. Qf3 h5 18. g5 Ne8 19. b4 Qd8 20. b5 c5 21. b6 Qxb6
22. Rfb1 Qa5 23. Rb5 Qd8 24. Rab1 Nd6 25. Rxc5+ Kb8 26. Ba6 b6 27. Rc8+ Qxc8
28. Bxc8 Rxc8 29. Nb5 Rcd8 30. Qb3 f6 31. Nxd6 Bxd6 32. Qxe6 Bf7 33. Bxd6+ Rxd6
34. Qxf7 Rxd4 35. Qxh5 R4d5 36. h4 fxg5 37. hxg5 Rd2 38. Re1 1-0

[Event "SK Steinegg/Raiffeisen-SK Deutschnofen"]
[Site "?"]
[Date "2012.11.17"]
[Round "3.2"]
[White "Lantschner, Carmen"]
[Black "Gibitz, Othmar"]
[Result "1/2-1/2"]
[WhiteElo "1726"]
[BlackElo "1592"]
[PlyCount "44"]
[EventDate "2012.??.??"]

1. e4 e5 2. Nf3 Nc6 3. d4 exd4 4. Nxd4 Nxd4 5. Qxd4 Qf6 6. Be3 Qxd4 7. Bxd4 d6
8. Nc3 c6 9. Be2 Nf6 10. O-O-O Be7 11. h3 O-O 12. f4 Rd8 13. e5 Ne8 14. exd6
Nxd6 15. g4 Ne8 16. Bf3 Bd6 17. Be5 Be6 18. Bxd6 Nxd6 19. f5 Bc4 20. b3 Nb5 21.
Nxb5 Bxb5 22. Rxd8+ Rxd8 1/2-1/2

[Event "SK Steinegg/Raiffeisen-SK Deutschnofen"]
[Site "?"]
[Date "2012.11.17"]
[Round "3.3"]
[White "Hofer, Alois"]
[Black "Engl, Alexander"]
[Result "1-0"]
[WhiteElo "1559"]
[BlackElo "1710"]
[PlyCount "85"]
[EventDate "2012.??.??"]

1. d4 f5 2. Nc3 Nf6 3. Nf3 g6 4. Bf4 Bg7 5. Qd2 O-O 6. h4 d6 7. O-O-O Nbd7 8.
Ng5 Nb6 9. e4 h6 10. Nh3 Kh7 11. f3 fxe4 12. fxe4 Bg4 13. Be2 Qd7 14. Nf2 Rf7
15. Nxg4 Nxg4 16. Rdf1 Raf8 17. g3 h5 18. Qd1 Nf6 19. Bg5 Ng8 20. Rxf7 Rxf7 21.
g4 hxg4 22. Bxg4 Qe8 23. h5 Bh6 24. hxg6+ Kxg6 25. Bxh6 Nxh6 26. Bh5+ Kh7 27.
Qg1 Qg8 28. Qxg8+ Kxg8 29. Bxf7+ Nxf7 30. Nb5 c6 31. Nxa7 e5 32. c3 Kg7 33. Rf1
exd4 34. cxd4 Nd7 35. Nc8 c5 36. dxc5 Nxc5 37. Rd1 Nxe4 38. Rd4 Nf6 39. Nxd6
Nd8 40. Nf5+ Kg6 41. Nh4+ Kh5 42. Rxd8 Kxh4 43. Rb8 1-0

[Event "SK Steinegg/Raiffeisen-SK Deutschnofen"]
[Site "?"]
[Date "2012.11.17"]
[Round "3.4"]
[White "Resch, Aaron"]
[Black "Welsch, Ulrich"]
[Result "1/2-1/2"]
[WhiteElo "1709"]
[BlackElo "1459"]
[PlyCount "85"]
[EventDate "2012.??.??"]

1. e4 e6 2. d4 d5 3. exd5 exd5 4. Bd3 Bd6 5. Nf3 Bg4 6. O-O Ne7 7. Bg5 f6 8.
Bh4 Nd7 9. Nbd2 Nf8 10. Re1 Qd7 11. Bg3 Bxg3 12. hxg3 O-O-O 13. Nb3 Qd6 14. Nc5
Nd7 15. Qe2 Nc6 16. Nxd7 Rxd7 17. Bb5 Re7 18. Qd3 Nb4 19. Qd2 c6 20. Rxe7 Qxe7
21. Re1 Qd6 22. a3 cxb5 23. Qxb4 Qxb4 24. axb4 Kd7 25. Re3 Bf5 26. c3 g5 27.
Nd2 b6 28. f3 h5 29. Kf2 Ra8 30. Re1 a5 31. Ra1 a4 32. Nf1 Kd6 33. Ne3 Bg6 34.
g4 Rh8 35. Nf5+ Bxf5 36. gxf5 Rh7 37. Re1 Re7 38. Rxe7 Kxe7 39. f4 Kf7 40. Kf3
Kg7 41. Kg3 Kh6 42. Kf2 gxf4 43. Kf3 1/2-1/2

[Event "SK Steinegg/Raiffeisen-SK Deutschnofen"]
[Site "?"]
[Date "2012.11.17"]
[Round "3.5"]
[White "Mittermair, Alois"]
[Black "Mair, Stephan"]
[Result "0-1"]
[WhiteElo "1502"]
[BlackElo "1410"]
[PlyCount "100"]
[EventDate "2012.??.??"]

1. d4 d5 2. c4 Nf6 3. Nc3 Bf5 4. Nf3 e6 5. Bg5 Be7 6. e3 c6 7. Be2 h6 8. Bh4
O-O 9. O-O Nbd7 10. Bg3 Ne4 11. Nxe4 Bxe4 12. Nd2 Bf5 13. c5 Re8 14. b4 a6 15.
a4 Bf6 16. Ra3 e5 17. Nf3 Qe7 18. Re1 e4 19. Nd2 Bh4 20. Bf4 Qf6 21. g3 Bg5 22.
Bd6 Qg6 23. Kg2 Qe6 24. g4 Bg6 25. Rh1 f5 26. h4 Be7 27. Bf4 fxg4 28. Bxg4 Bf5
29. f3 exf3+ 30. Bxf3 Rf8 31. Qg1 Rf6 32. h5 Kh7 33. Kf2 Rg8 34. Ra1 g6 35.
hxg6+ Rfxg6 36. Qe1 Bh3 37. Rh2 Bh4+ 38. Ke2 Bxe1 39. Rxe1 Bg4 40. Reh1 Bxf3+
41. Nxf3 Rg2+ 42. Kf1 Rxh2 43. Rxh2 Qg4 44. Rxh6+ Kg7 45. Nh4 Qd1+ 46. Kf2 Kf7
47. Rh7+ Rg7 48. Rxg7+ Kxg7 49. Nf5+ Kg6 50. Ne7+ Kf7 0-1

[Event "ASD Arci Scacchi II-SC SSV Taufers"]
[Site "?"]
[Date "2012.12.01"]
[Round "4.1"]
[White "Niederkofler, Andreas"]
[Black "Pollana, Marco"]
[Result "0-1"]
[WhiteElo "1770"]
[BlackElo "1766"]
[PlyCount "72"]
[EventDate "2012.??.??"]

1. e4 Nc6 2. d4 e5 3. d5 Nce7 4. Nf3 Ng6 5. c4 Bc5 6. Nc3 a6 7. a3 d6 8. b4 Ba7
9. h3 N8e7 10. Bd3 h6 11. Qe2 f5 12. Be3 Bxe3 13. Qxe3 Nf4 14. O-O fxe4 15.
Bxe4 O-O 16. Ne2 g5 17. Nxf4 gxf4 18. Qd3 Nf5 19. Kh2 Kh8 20. c5 Bd7 21. Rfc1
Nh4 22. cxd6 cxd6 23. Nxh4 Qxh4 24. Rc7 Rf7 25. Qc2 f3 26. Bxf3 Bxh3 27. gxh3
Qf4+ 28. Kg1 Qxf3 29. Rxf7 Qxf7 30. Rd1 Rg8+ 31. Kf1 Qf3 32. Qd3 Qg2+ 33. Ke2
Rf8 34. Qe3 Rf4 35. Qb6 Qf3+ 36. Ke1 Re4+ 0-1

[Event "ASD Arci Scacchi II-SC SSV Taufers"]
[Site "?"]
[Date "2012.12.01"]
[Round "4.2"]
[White "D'Ambrosio, Luca"]
[Black "Holzer, Phillipp"]
[Result "0-1"]
[WhiteElo "1748"]
[BlackElo "1759"]
[PlyCount "86"]
[EventDate "2012.??.??"]

1. d4 Nf6 2. Nf3 e6 3. Bg5 Be7 4. e3 Ne4 5. Bxe7 Qxe7 6. c3 b6 7. Nbd2 Bb7 8.
Nxe4 Bxe4 9. Bd3 Bxd3 10. Qxd3 d5 11. O-O O-O 12. e4 c6 13. Ne5 f6 14. Nf3 Nd7
15. exd5 exd5 16. Rfe1 Qf7 17. Re3 Rfe8 18. Rae1 Rxe3 19. Qxe3 Rc8 20. Nh4 g6
21. Qe7 Nf8 22. Kf1 Rc7 23. Qd6 Kg7 24. Re3 Qd7 25. Qxd7+ Rxd7 26. Re8 Rc7 27.
Ke2 Kf7 28. Ra8 Ne6 29. g3 Ng5 30. f3 h5 31. Ng2 c5 32. h4 Ne6 33. Rh8 cxd4 34.
Rh7+ Ng7 35. Nf4 dxc3 36. bxc3 Rxc3 37. Nxd5 Rc2+ 38. Ke3 Rxa2 39. Rh8 Ra3+ 40.
Ke2 Nf5 41. g4 Nd4+ 42. Kf2 Rxf3+ 43. Kg2 hxg4 0-1

[Event "ASD Arci Scacchi II-SC SSV Taufers"]
[Site "?"]
[Date "2012.12.01"]
[Round "4.3"]
[White "Forer, Erich"]
[Black "Adzic, Ranko"]
[Result "1-0"]
[WhiteElo "1733"]
[BlackElo "1800"]
[PlyCount "97"]
[EventDate "2012.??.??"]

1. Nf3 e6 2. d4 Nf6 3. e3 b6 4. Nbd2 Bb7 5. Bd3 Be7 6. O-O O-O 7. Re1 d6 8. b3
Nbd7 9. Bb2 c5 10. c3 e5 11. e4 Ng4 12. h3 Nh6 13. Nf1 Bg5 14. Bb5 Bf6 15. Bxd7
exd4 16. e5 dxe5 17. Nxe5 Bxe5 18. Rxe5 Qxd7 19. cxd4 Rad8 20. d5 Bxd5 21. Qh5
f6 22. Ree1 Qc6 23. Ne3 Bf7 24. Qh4 Rfe8 25. Rad1 Rxd1 26. Rxd1 Qe4 27. Bxf6
Qxh4 28. Bxh4 Be6 29. Re1 Kf7 30. Rd1 a5 31. Bd8 b5 32. Bxa5 Ra8 33. Bb6 Rxa2
34. Bxc5 Bxb3 35. Rd7+ Kg6 36. Rb7 Bc4 37. Bd4 Nf7 38. Rb6+ Kg5 39. Bxg7 Bd3
40. Bf6+ Kf4 41. Bg7 Ra7 42. Bc3 Rd7 43. Rf6+ Ke4 44. Rb6 Bc4 45. Rc6 Kd3 46.
Bb4 Ne5 47. Rc5 Ke4 48. Nxc4 bxc4 49. Bc3 1-0

[Event "ASD Arci Scacchi II-SC SSV Taufers"]
[Site "?"]
[Date "2012.12.01"]
[Round "4.4"]
[White "Gasparro, Antonio"]
[Black "Haidacher, Gerold"]
[Result "1/2-1/2"]
[WhiteElo "1388"]
[BlackElo "1726"]
[PlyCount "76"]
[EventDate "2012.??.??"]

1. d4 d5 2. Nf3 Nf6 3. e3 e6 4. Bd3 c5 5. b3 Nc6 6. O-O Bd6 7. Nbd2 O-O 8. Bb2
cxd4 9. exd4 Ne7 10. Ne5 Ng6 11. f4 b6 12. Qf3 Bb7 13. f5 Nh4 14. Qh3 Ne4 15.
Ndf3 Nxf5 16. a3 Rc8 17. Rae1 g6 18. Qg4 Be7 19. Qh3 Bf6 20. Re2 Bg7 21. Nd2
Nfd6 22. Rc1 Qe7 23. Rce1 f5 24. Ndf3 Nc3 25. Bxc3 Rxc3 26. Qh4 Qxh4 27. Nxh4
Ne4 28. Nhf3 Bc8 29. Nd2 Bxe5 30. dxe5 Nc5 31. Re3 f4 32. Rf3 Nxd3 33. cxd3 Ba6
34. d4 Rc2 35. Rf2 g5 36. Nf3 Rxf2 37. Kxf2 h6 38. Rc1 Rc8 1/2-1/2

[Event "ASD Arci Scacchi II-SC SSV Taufers"]
[Site "?"]
[Date "2012.12.01"]
[Round "4.5"]
[White "Ratschiller, Manuel"]
[Black "Scarabello, Graziano"]
[Result "1-0"]
[WhiteElo "1495"]
[BlackElo "1320"]
[PlyCount "49"]
[EventDate "2012.??.??"]

1. e4 e5 2. Nf3 Nc6 3. Bc4 h6 4. O-O Bc5 5. c3 Nge7 6. d4 exd4 7. cxd4 Bb6 8.
Nc3 d6 9. h3 Ng6 10. Re1 O-O 11. Nd5 Kh8 12. Nxb6 axb6 13. Be3 f5 14. exf5 Bxf5
15. Bd5 Nh4 16. Ng5 Qf6 17. Qh5 Ng6 18. g4 Bd3 19. Ne6 Rf7 20. f3 Re8 21. Bg5
Nf4 22. Bxf4 Nxd4 23. Ng5 Rfe7 24. Qxe8+ Rxe8 25. Rxe8+ 1-0